Places To Study

There are group study rooms, individual study carrels, computer labs, and other spaces to study in the Libraries.

Reserve A Group Room

Online Resources

Access thousands of eBooks, audiobooks, and online journals from the comfort of your home.

Explore Resources

Events and Workshops

Join our upcoming events and workshops to enhance your skills and knowledge.

View Events

အစ္စလာ့မ်နိုင်ငံရေးအတွေးအခေါ် (အသိပညာဆိုင်ရာနယ်နိမိတ်အတွင်းမှလေ့လာမှု) / (Record no. 2747)

MARC details
000 -LEADER
fixed length control field 01129nam a22001937a 4500
003 - CONTROL NUMBER IDENTIFIER
control field OSt
005 - DATE AND TIME OF LATEST TRANSACTION
control field 20251217155316.0
008 - FIXED-LENGTH DATA ELEMENTS--GENERAL INFORMATION
fixed length control field 251217b |||||||| |||| 00| 0 eng d
040 ## - CATALOGING SOURCE
Transcribing agency DCL
082 ## - DEWEY DECIMAL CLASSIFICATION NUMBER
Classification number ၃၂၀.၅၅၇
100 ## - MAIN ENTRY--PERSONAL NAME
Personal name လဟောက် ၊ နယ်လီ။
245 00 - TITLE STATEMENT
Title အစ္စလာ့မ်နိုင်ငံရေးအတွေးအခေါ် (အသိပညာဆိုင်ရာနယ်နိမိတ်အတွင်းမှလေ့လာမှု) /
Statement of responsibility, etc. နယ်လီ လ‌ဟောက် ၊ ဘာသာပြန်သူ ကိုကိုလေး။
260 ## - PUBLICATION, DISTRIBUTION, ETC.
Place of publication, distribution, etc. ရန်ကုန် ၊
Name of publisher, distributor, etc. နန်းသဇင်ပုံနှိပ်တိုက်၊
Date of publication, distribution, etc. ၂၀၁၉။
300 ## - PHYSICAL DESCRIPTION
Extent ၃၂၇ စာမျက်နှာ ၊
Dimensions ၂၁ စင်တီ။
500 ## - GENERAL NOTE
General note Political Thought in Islam: A Study in Intellectual Boundaries by Nelly Lahoud<br/>
650 ## - SUBJECT ADDED ENTRY--TOPICAL TERM
Topical term or geographic name entry element အစ္စလာ့မ်နှင့် နိုင်ငံရေး
700 ## - ADDED ENTRY--PERSONAL NAME
Personal name ကိုကိုလေး။
Relator term ဘာသာပြန်သူ
942 ## - ADDED ENTRY ELEMENTS (KOHA)
Source of classification or shelving scheme Dewey Decimal Classification
Koha item type Short Term
Suppress in OPAC No
Holdings
Withdrawn status Lost status Source of classification or shelving scheme Damaged status Not for loan Collection Accession No. Home library Current library Shelving location Date acquired Total checkouts Full call number Barcode Date last seen Price effective from Koha item type
    Dewey Decimal Classification     Myanmar Collection ၅၄၂၁ Dhammadhara Dhammadhara Myanmar Shelves 17/12/2025   ၃၂၀.၅၅၇ လ ၅၄၂၁ MB00005421 17/12/2025 17/12/2025 Short Term